Abundantes divitiae... Yo estoy con ustedes. (Record no. 37744)

MARC details
000 -LEADER
fixed length control field 01273nam a22001817a 4500
003 - CONTROL NUMBER IDENTIFIER
control field IT-RoPau
005 - DATE AND TIME OF LATEST TRANSACTION
control field 20220918175937.0
008 - FIXED-LENGTH DATA ELEMENTS--GENERAL INFORMATION
fixed length control field 130112b xxu||||| |||| 00| 0 eng d
040 ## - CATALOGING SOURCE
Transcribing agency IT-RoPau
100 ## - MAIN ENTRY--PERSONAL NAME
Personal name Alberione Santiago [Giacomo]
Fuller form of name Fondatore Famiglia Paolina
9 (RLIN) 158
245 ## - TITLE STATEMENT
Title Abundantes divitiae... Yo estoy con ustedes.
Remainder of title Historia carismática de la Familia Paulina
250 ## - EDITION STATEMENT
Edition statement II
260 ## - PUBLICATION, DISTRIBUTION, ETC. (IMPRINT)
Place of publication, distribution, etc. Avenida Taxquena
Name of publisher, distributor, etc. SSP
Date of publication, distribution, etc. 1997
300 ## - PHYSICAL DESCRIPTION
Extent 103 p.
Dimensions 19,5 cm
490 ## - SERIES STATEMENT
Series statement San Pablo
Volume/sequential designation I
520 ## - SUMMARY, ETC.
Summary, etc. INDICE<br/><br/>Presentacion<br/><br/>"ABUNDANTES DIVITIAE GRATIAE SUAE"<br/>MOMENTOS DE MAYOR GRACIA<br/>LA MISION PARTICULAR<br/>DE UNA SIMPLE ORGANIZACION A LA VIDA RE-<br/> LIGIOSA COMUNITARIA<br/>LA FAMILIA PAULINA<br/>JUVENTUD<br/>PREDILECCION DIVINA<br/>LA CONDUCTA DE DIOS<br/>LA ROMANIDAD<br/>ESPIRITU SOCIAL<br/>EL ESPIRITU LITURGICO<br/>TRES IGLESIAS PRINCIPALES<br/>CATECISMO<br/>ESPIRITU PASTORAL<br/>SAL...LUZ...CIUDAD...<br/>ESPIRITU PAOLINO<br/>PRIMEIROS PREPARATIVOS<br/>EN ROMA<br/>EXPANSION<br/>EL DON Y LA RIQUEZA DE LOS COOPERADORES<br/>EL TRABAJO<br/>PROVIDENCIA<br/>EVANGELIO<br/>DESARROLLO DE LA PERSONALIDAD<br/>"NO TEMAN..."<br/>ASISTENCIA DIVINA<br/>PROFUNDIDAD ESPIRITUAL<br/>LAS DEVOCIONES<br/>COSAS POR REALIZAR<br/>ACCION DE GRACIAS<br/>CONCLUSION<br/>UN TEXTO DE 1924<br/>Principales acontecimientos en la vida del P. Alberione<br/>Foto-reportaje histórico
942 ## - ADDED ENTRY ELEMENTS (KOHA)
Source of classification or shelving scheme Dewey Decimal Classification
Koha item type LIBRO
Holdings
Withdrawn status Lost status Source of classification or shelving scheme Damaged status Not for loan Home library Current library Date acquired Total Checkouts Full call number Date last seen Price effective from Koha item type
    Dewey Decimal Classification Buone Condizioni Not For Loan PAULUS-BIBLIOTECA PAULUS-BIBLIOTECA 12/01/2013   P A8 12/01/2013 12/01/2013 LIBRO
CREDITS: SOCIETA' SAN PAOLO Via A.Severo, 58 - ROMA (RM) & PERIODICI SAN PAOLO SRL Via Giotto, 36 MILANO & CISF Via Giotto, 36 MILANO & EDIZIONI SAN PAOLO SRL,  Piazza Soncino, 5 CINISELLO BALSAMO (MI) -- ITALY